00787nam a2200193 a 450000100100000000500170001000800410002704000250006808200150009310000400010824501930014826000430034130000270038449000180041183000250042904900090045495201130046399900170057600003121720200930062759.0110614s1996 dr a 000 | spa d aDO-SdBNPbspacBNPHU axxxbF634c1 aFlores Santana, Juan Antonio91606610aCarta a los carismáticos y demás grupos de iglesia :bevangelización y catequesis, fe y oración, discernimiento de espíritud y compromiso temporal /cJuan Antonio Flores Santana. aSanto Domingo :bEdiciones MSC,c1996. a27 p. :bil. ;c22 cm.1 aDocumentosv3 0aDocumentos;v391047 aBNPD 0010718PDaPDbPDcCTd2011-06-14iLF1l0oxxx F634cp31217-10r2020-06-25w2020-06-25yLFPDZNo se presta c30709d30709